000 00748cam a22002413a 4500
001 31015
003 PGUSA
005 20140828083654.0
008 100118s2010||||xxu|||||s|||||000 p eng d
040 _aPGUSA
_beng
042 _adc
050 4 _aPR
100 1 _aBrowning, Elizabeth Barrett,
_d1806-1861
245 1 4 _aThe Poetical Works of Elizabeth Barrett Browning, Volume IV
_h[electronic resource] /
_cElizabeth Barrett Browning
260 _bProject Gutenberg,
_c2010
506 _aPublic domain in the USA.
516 _aElectronic text
653 _aPoetry, Modern -- 19th century
653 _aEnglish poetry -- 19th century
830 0 _aProject Gutenberg
_v31015
856 4 0 _uhttp://www.gutenberg.org/ebooks/31015
942 _cEB
999 _c260270
_d260270